Прогнозирование надежности узлов и блоков радиотехнических устройств космического назначения на основе моделирования напряженно-деформируемых состояний

গ্রন্থ-পঞ্জীর বিবরন
সংস্থা লেখক: Томский государственный университет систем управления и радиоэлектроники (ТУСУР)
অন্যান্য লেখক: Сунцов С. Б. Сергей Борисович, Алексеев В. П. Валерий Павлович, Карабан В. М. Вадим Михайлович, Пономарев С. В. Сергей Васильевич
সংক্ষিপ্ত:Изложены вопросы подготовки расчётных моделей, постановка задачи и проведение анализов теплового и напряженно-деформированного состояний конструкции с учётом реальных режимов теплообмена, усталостной долговечности рассматриваемого электронного модуля бортовой радиоэлектронной аппаратуры космического назначения. Также представлены научно обоснованные методы математического моделирования напряжённо-деформированных состояний радиотехнических устройств космического назначения, выполненных с применением новой технологии коммутационных плат из низкотемпературной совместно-обжигаемой керамики, имеющие существенное значение для дальнейшего развития космической отрасли России и повышения её конкурентоспособности на мировом рынке. Для научных работников и инженеров, активно внедряющих современные технологии.
ভাষা:রুশ
প্রকাশিত: Томск, Изд-во ТУСУРа, 2012
বিষয়গুলি:
বিন্যাস: গ্রন্থ
KOHA link:https://koha.lib.tpu.ru/cgi-bin/koha/opac-detail.pl?biblionumber=247462

MARC

LEADER 00000nam0a2200000 4500
001 247462
005 20231101232312.0
010 |a 9785868896071 
035 |a (RuTPU)RU\TPU\book\268947 
090 |a 247462 
100 |a 20131225d2012 k y0rusy50 ca 
101 0 |a rus 
102 |a RU 
105 |a a z 001zy 
200 1 |a Прогнозирование надежности узлов и блоков радиотехнических устройств космического назначения на основе моделирования напряженно-деформируемых состояний  |f С. Б. Сунцов [и др.]  |g Томский государственный университет систем управления и радиоэлектроники (ТУСУР) 
210 |a Томск  |c Изд-во ТУСУРа  |d 2012 
215 |a 113 с.  |c ил. 
320 |a Библиогр.: с. 109-113. 
330 |a Изложены вопросы подготовки расчётных моделей, постановка задачи и проведение анализов теплового и напряженно-деформированного состояний конструкции с учётом реальных режимов теплообмена, усталостной долговечности рассматриваемого электронного модуля бортовой радиоэлектронной аппаратуры космического назначения. Также представлены научно обоснованные методы математического моделирования напряжённо-деформированных состояний радиотехнических устройств космического назначения, выполненных с применением новой технологии коммутационных плат из низкотемпературной совместно-обжигаемой керамики, имеющие существенное значение для дальнейшего развития космической отрасли России и повышения её конкурентоспособности на мировом рынке. Для научных работников и инженеров, активно внедряющих современные технологии. 
606 1 |a Космическая радиотехника  |2 stltpush  |3 (RuTPU)RU\TPU\subj\72902  |9 86257 
610 1 |a космические аппараты 
610 1 |a бортовая радиоэлектронная аппаратура 
610 1 |a конструкции 
610 1 |a компьютерное моделирование 
610 1 |a геометрические модели 
610 1 |a космические радиоустройства 
610 1 |a низкотемпературная керамика 
610 1 |a физико-механические свойства 
610 1 |a надежность 
610 1 |a прогнозирование 
610 1 |a стационарный тепловой анализ 
610 1 |a статический конструкционный анализ 
675 |a 629.782  |v 3 
701 1 |a Сунцов  |b С. Б.  |g Сергей Борисович 
701 1 |a Алексеев  |b В. П.  |g Валерий Павлович 
701 1 |a Карабан  |b В. М.  |g Вадим Михайлович 
701 1 |a Пономарев  |b С. В.  |g Сергей Васильевич 
712 0 2 |a Томский государственный университет систем управления и радиоэлектроники (ТУСУР)  |c (1997 - )  |2 stltpush  |3 (RuTPU)RU\TPU\col\422 
801 1 |a RU  |b 63413507  |c 20131225 
801 2 |a RU  |b 63413507  |c 20140117  |g RCR 
942 |c BK